Sexuality : (Record no. 25260)
[ view plain ]
| 000 -LEADER | |
|---|---|
| fixed length control field | 01581cam a2200277Mi 4500 |
| 001 - CONTROL NUMBER | |
| control field | 1329338123 |
| 003 - CONTROL NUMBER IDENTIFIER | |
| control field | AUA.1 |
| 005 - DATE AND TIME OF LATEST TRANSACTION | |
| control field | 20251121073114.0 |
| 008 - FIXED-LENGTH DATA ELEMENTS--GENERAL INFORMATION | |
| fixed length control field | 220530s2022 mdu 001 0 eng|d |
| 020 ## - INTERNATIONAL STANDARD BOOK NUMBER | |
| International Standard Book Number | 9780925675347 |
| 020 ## - INTERNATIONAL STANDARD BOOK NUMBER | |
| International Standard Book Number | 0925675342 |
| 035 ## - SYSTEM CONTROL NUMBER | |
| System control number | (OCoLC)1329338123 |
| 040 ## - CATALOGING SOURCE | |
| Original cataloging agency | AU@ |
| Language of cataloging | eng |
| Description conventions | rda |
| Transcribing agency | AU@ |
| Modifying agency | OCLCF |
| -- | EXN |
| -- | JTL |
| 050 ## - LIBRARY OF CONGRESS CALL NUMBER | |
| Classification number | BS680.S5 |
| Item number | M84 2022 |
| 082 04 - DEWEY DECIMAL CLASSIFICATION NUMBER | |
| Classification number | 261.83581 |
| Edition number | 23 |
| 245 00 - TITLE STATEMENT | |
| Title | Sexuality : |
| Remainder of title | contemporary issues from a biblical perspective / |
| Statement of responsibility, etc | / Ekkehardt Mueller ; Elias Brasil de Souza [Editors] |
| 260 ## - PUBLICATION, DISTRIBUTION, ETC. (IMPRINT) | |
| Place of publication, distribution, etc | Silver Springs, MD : |
| Name of publisher, distributor, etc | Review and Herald Publishing; |
| Date of publication, distribution, etc | c2022. |
| 300 ## - PHYSICAL DESCRIPTION | |
| Extent | xv, 625 pages ; |
| Dimensions | 23 cm. |
| 490 0# - SERIES STATEMENT | |
| Series statement | Biblical Research Institute Studies in Biblical Ethics ; |
| Volume number/sequential designation | Volume 2. |
| 520 ## - SUMMARY, ETC. | |
| Summary, etc | Sexuality Contemporary Issues from a Biblical Perspective is the sequel to Marriage: Biblical and Theological Aspects. Focusing on sexuality, this volume addresses several topics of contemporary relevance to individual Christians and church communities around the world. It wrestles with matters directly or indirectly related to marriage, such as cohabitation and polygamy. It also examines topics not necessarily connected to marriage, such as sexual addiction, cybersex, robotic sex, rape, female genital mutilation, child sexual abuse, and queer theology and practice. |
| 650 #0 - SUBJECT ADDED ENTRY--TOPICAL TERM | |
| Topical term or geographic name as entry element | Sex |
| General subdivision | Religious aspects |
| -- | Christianity. |
| 650 #0 - SUBJECT ADDED ENTRY--TOPICAL TERM | |
| Topical term or geographic name as entry element | Sex |
| General subdivision | Biblical teaching. |
| 700 1# - ADDED ENTRY--PERSONAL NAME | |
| Personal name | Mueller, Ekkehardt, |
| Dates associated with a name | 1950-, |
| Relator term | editor. |
| 9 (RLIN) | 8042 |
| 700 1# - ADDED ENTRY--PERSONAL NAME | |
| Personal name | Souza, Elias Brasil de, |
| Relator term | editor. |
| 942 ## - ADDED ENTRY ELEMENTS (KOHA) | |
| Source of classification or shelving scheme | Library of Congress Classification |
| Koha item type | Books |
| Classification part | BS 680 .S5 |
| Item part | M84 2022 |
| Withdrawn status | Lost status | Source of classification or shelving scheme | Damaged status | Not for loan | Collection code | Home library | Current library | Shelving location | Date acquired | Source of acquisition | Cost, normal purchase price | Serial Enumeration / chronology | Total Checkouts | Full call number | Barcode | Date last seen | Cost, replacement price | Price effective from | Koha item type |
|---|---|---|---|---|---|---|---|---|---|---|---|---|---|---|---|---|---|---|---|
| Library of Congress Classification | Books | Judith Thomas Library | Judith Thomas Library | General Stacks | 20/11/2025 | Donation, Prof. Vincent Injety | 15.00 | AUA28001 | BS 680 .S5 M84 2022 | AUA28001 | 20/11/2025 | 15.00 | 20/11/2025 | Books |